Los dos "Don Quijotes" (Record no. 47524)

MARC details
000 -LEADER
campo de control de longitud fija 01034nam a2200229 i 4500
001 - NÚMERO DE CONTROL
campo de control 47524
003 - IDENTIFICADOR DE NÚMERO DE CONTROL
campo de control ES-MaACL
005 - FECHA Y HORA DE LA ÚLTIMA TRANSACCIÓN
campo de control 20230906161602.0
007 - CAMPO FIJO DE DESCRIPCIÓN FÍSICA--INFORMACIÓN GENERAL
campo de control de longitud fija t|
008 - DATOS DE LONGITUD FIJA--INFORMACIÓN GENERAL
campo de control de longitud fija 030430s1944 sp ||||1| spa d
080 ## - NÚMERO DE LA CLASIFICACIÓN DECIMAL UNIVERSAL
Número de la Clasificación Decimal Universal 821.134.2 Cervantes Saavedra, Miguel de 7 Don Quijote de la Mancha.07
080 ## - NÚMERO DE LA CLASIFICACIÓN DECIMAL UNIVERSAL
Número de la Clasificación Decimal Universal 821.134.2 Fernández de Avellaneda, Alonso 7 Quijote. 07
100 1# - ENTRADA PRINCIPAL--NOMBRE DE PERSONA
Nombre de persona García Soriano, Justo,
Fechas asociadas al nombre 1884-1949
9 (RLIN) 55310
245 14 - MENCIÓN DEL TÍTULO
Título Los dos "Don Quijotes"
Resto del título : investigaciones acerca de la génesis de "El ingenioso hidalgo" y de quién pudo ser Avellaneda /
Mención de responsabilidad, etc. Justo García Soriano.
260 ## - PUBLICACIÓN, DISTRIBUCIÓN, ETC.
Lugar de publicación, distribución, etc. Toledo :
Nombre del editor, distribuidor, etc. [s.n.],
Fecha de publicación, distribución, etc. 1944 (
Fabricante Rafel Gómez-Menor)
300 ## - DESCRIPCIÓN FÍSICA
Extensión 292 p. ;
Dimensiones 24 cm.
600 14 - PUNTO DE ACCESO ADICIONAL DE MATERIA--NOMBRE DE PERSONA
Nombre de persona Cervantes Saavedra, Miguel de,
Fechas asociadas al nombre 1547-1616.
Título de la obra Don Quijote de la Mancha
9 (RLIN) 37612
600 14 - PUNTO DE ACCESO ADICIONAL DE MATERIA--NOMBRE DE PERSONA
Nombre de persona Fernández de Avellaneda, Alonso.
Título de la obra Segundo tomo del ingenioso hidalgo don Quijote de la Mancha.
9 (RLIN) 49625
852 ## - LOCALIZACIÓN
Ubicación ES-MaACL
Número de control de estantería E-1911
Sublocalización o colección R.22884
852 ## - LOCALIZACIÓN
Ubicación ES-MaACL
Número de control de estantería G-541
Nota libre .- Donat. Ernesto García Camarero
Holdings
Estatus retirado Estado de pérdida Estado de daño No para préstamo Biblioteca de origen Biblioteca actual Ubicación en estantería Fecha de adquisición Fuente de adquisición Total de préstamos Signatura topográfica completa Código de barras Visto por última vez Precio de reemplazo Tipo de ítem Koha
        Biblioteca del Ateneo de Madrid Biblioteca del Ateneo de Madrid Depósito 2 29/02/2016     G-541 1194803 23/02/2023 23/02/2023 Libro impreso
        Biblioteca del Ateneo de Madrid Biblioteca del Ateneo de Madrid Depósito 2 17/01/2008     E-1911 1050005 23/02/2023 23/02/2023 Libro impreso